| 000 | 00374nam a2200157Ia 4500 | ||
|---|---|---|---|
| 008 | 230917s9999||||xx |||||||||||||| ||und|| | ||
| 020 | _cRS60 | ||
| 040 |
_e3152 _aMAIN |
||
| 041 | _aEnglish | ||
| 082 | _a327.54073 R14I | ||
| 100 | _aRamamathwlla, B | ||
| 245 | 0 | _aIndo-America politics 1970-78 | |
| 260 |
_aDelhi _bSurjeet _c1990 |
||
| 300 | _aix, 155 p. | ||
| 942 | _cBK | ||
| 999 |
_c207059 _d207059 |
||